000 00267nam a2200109Ia 4500
008 200302s9999 xx 000 0 und d
100 _aRoger Yee
245 _aEducational Environments- 2
260 _bVisual Reference Publications, NY
260 _c2005
300 _a211
999 _c4506
_d4506